Analýza vybraných štatistických ukazovateľov v Bratislavskom kraji : analýza pôrodnosti, úmrtnosti, sobášnosti, rozvodovosti v Bratislavskom kraji bakalárska práca

Na minha lista:
Detalhes bibliográficos
Autor principal: Bezáková, Eva
Autor Corporativo: Fakulta hospodárskej informatiky EU. Katedra štatistiky
Outros Autores: Sivašová, Daniela, 1955-
Formato: Livro
Idioma:eslovaco
Publicado em: Bratislava 2009
Tags: Adicionar Tag
Sem tags, seja o primeiro a adicionar uma tag!

MARC

LEADER 00000nam$a2200000$$$4500
001 0097539
005 20240319125115.3
041 0 |a slo 
044 |a SK 
245 1 0 |a Analýza vybraných štatistických ukazovateľov v Bratislavskom kraji : analýza pôrodnosti, úmrtnosti, sobášnosti, rozvodovosti v Bratislavskom kraji  |b bakalárska práca  |c Eva Bezáková ; škol. Daniela Sivašová 
264 1 |a Bratislava  |c 2009 
300 |a 33 s. 
100 1 |a Bezáková, Eva 
700 1 |a Sivašová, Daniela, 1955- 
710 2 |a Fakulta hospodárskej informatiky EU. Katedra štatistiky